LEADER 00938cam2 22002773 450 001 SOBE00052758 005 20160622123938.0 100 $a20160622d1963 |||||ita|0103 ba 101 $aita 102 $aIT 200 1 $a<<4: >>Macbeth$fWilliam Shakespeare 210 $aMilano$cArnoldo Mondadori$d1963 215 $a305 p.$d20 cm 300 $aTesto originale a fronte 461 1$1001SOB005748$12001 $aDrammi di Shakespeare / Tradotti da Salvatore Quasimodo 700 1$aShakespeare$b, William$3AF00003630$4070$0132200 702 1$aQuasimodo, Salvatore$3AF00005883$4070 801 0$aIT$bUNISOB$c20160622$gRICA 850 $aUNISOB 852 $aUNISOB$j851|Coll|1|K$m13537 912 $aSOBE00052758 940 $aM 102 Monografia moderna SBN 941 $aM 957 $a851|Coll|1|K$b000030$i-4$gSI$d13537$racquisto$1bethb$2UNISOB$3UNISOB$420160622123628.0$520160622123938.0$6bethb 996 $aMacbeth$913137 997 $aUNISOB LEADER 01408nam0 22003493i 450 001 VAN00282728 005 20251105123909.281 017 70$2N$a9789811014697 100 $a20241108d2016 |0itac50 ba 101 $aeng 102 $aSG 105 $a|||| ||||| 181 $ai$b e 182 $ab 183 $acr 200 1 $aAmaranthus: A Promising Crop of Future$fSaubhik Das 210 $aSingapore$cSpringer$d2016 215 $aVIII, 208 p.$cill.$d24 cm 620 $aSG$dSingapore$3VANL000061 676 $a630$cAgricoltura e tecnologie connesse$v22 676 $a571.2$cFisiologia vegetale$v22 676 $a578.01$cTassonomia$v22 700 1$aDas$bSaubhik$3VANV235660$01063608 712 $aSpringer $3VANV108073$4650 801 $aIT$bSOL$c20251107$gRICA 856 4 $uhttps://link.springer.com/book/10.1007/978-981-10-1469-7$zE-book - Accesso al full-text attraverso riconoscimento IP di Ateneo, proxy e/o Shibboleth 899 $aBIBLIOTECA DEL DIPARTIMENTO DI SCIENZE E TECNOLOGIE AMBIENTALI BIOLOGICHE E FARMACEUTICHE$1IT-CE0101$2VAN17 912 $fN 912 $aVAN00282728 950 $aBIBLIOTECA DEL DIPARTIMENTO DI SCIENZE E TECNOLOGIE AMBIENTALI BIOLOGICHE E FARMACEUTICHE$d17CONS e-book 177 $e17BIB177/32 32 20241108 996 $aAmaranthus: A Promising Crop of Future$92533171 997 $aUNICAMPANIA